| 000 | 00901cam a2200301 i 4500 | ||
|---|---|---|---|
| 999 |
_c200454152 _d72364 |
||
| 001 | ta | ||
| 003 | TR-AnTOB | ||
| 005 | 20230918154819.0 | ||
| 007 | ta | ||
| 008 | 160509s2021 tu ar01 $$$$ tur utu | ||
| 020 | _a9786057406125 | ||
| 040 |
_aTR-AnTOB _beng _erda _cTR-AnTOB |
||
| 041 | 0 | _atur | |
| 044 | _ctu | ||
| 060 | 1 | 4 |
_aWH 18.2 _bH463 2021 |
| 096 |
_aWH 18.2 _bH463 2021 TıpFaK |
||
| 245 | 0 | 0 |
_aHematolog: _bhematopoetik kök hücre nakli / _ckonu editörü Muhit Özcan ; editör Güner Hayri Özsan |
| 246 | 3 | 0 | _aHematoLog. |
| 264 | 1 |
_aAnkara : _bTürk Hematoloji Derneği, _c2021. |
|
| 300 |
_avii, 317 pages : _billustrations ; _c21 cm |
||
| 336 |
_2rdacontent _atext _btxt |
||
| 337 |
_2rdamedia _aunmediated _bn |
||
| 338 |
_2rdacarrier _avolume _bnc |
||
| 653 | _aHematoloji | ||
| 653 | _aKök hücre--Organ nakli | ||
| 942 |
_2NLM _cBK |
||